000 00697nam a2200265Ia 4500
003 OSt
005 20221007063811.0
006 a|||||r|||| 00| 0
007 ta
008 221006b |||||||| |||| 00| 0 eng d
024 _a9,733
037 _cTextual
040 _aFLL
_cFLL
_beng
041 _2eng
_aeng
082 _aZ2,805, P3.2
100 _aMitra B.B. Au.
_9681541
245 0 _aCode of criminal procedure
250 _a20th
260 _aCalcutta
_bKamal law house India
_c2003
300 _a2160p
_ccm.
490 _vVol.2
700 _a Roy S.R. Au.
_9684774
942 _hZ2,805, P3.2
_cTEXL
_2CC
999 _c1132219
_d1132219